Ján Čarnogurský: "Osamostatnenie Slovenska prispelo k jeho dospievaniu"

Rozhovor redaktora časopisu Mezinárodní politika s Jánom Čarnogurským. Bilancia vývoja v Slovenskej republike za posledných 15 rokov. Súčasný stav česko-slovenských vzťahov. Zahraničná politika. Dôsledky vstupu do Schengenského priestoru. Zavedenie eura v SR - pozdvihnutie sebavedomia vo vzťahu k i...

Descripción completa

Guardado en:
Detalles Bibliográficos
Formato: Capítulo de libro
Lenguaje:eslovaco
Materias:
Etiquetas: Agregar Etiqueta
Sin Etiquetas, Sea el primero en etiquetar este registro!

MARC

LEADER 00000naa$a2200000$$$4500
001 0070667
005 20231016093404.5
041 0 |a slo 
044 |a CZ 
245 1 0 |a Ján Čarnogurský: "Osamostatnenie Slovenska prispelo k jeho dospievaniu" 
520 |a Rozhovor redaktora časopisu Mezinárodní politika s Jánom Čarnogurským. Bilancia vývoja v Slovenskej republike za posledných 15 rokov. Súčasný stav česko-slovenských vzťahov. Zahraničná politika. Dôsledky vstupu do Schengenského priestoru. Zavedenie eura v SR - pozdvihnutie sebavedomia vo vzťahu k iným európskym národom. 
610 2 0 |a Slovensko 
610 2 0 |a Česko 
610 2 0 |a politika zahraničná 
610 2 0 |a vzťahy medzinárodné 
610 2 0 |a štát 
610 2 0 |a integrácia ekonomická medzinárodná 
610 2 0 |a samostatnosť hospodárska 
610 2 0 |a euro 
610 2 0 |a hranice štátne 
610 2 0 |a dohody medzinárodné